Normal view
MARC view
Entry Personal Name
001 - CONTROL NUMBER
- control field: 27111
003 - CONTROL NUMBER IDENTIFIER
- control field: ARRUPE
005 - DATE AND TIME OF LATEST TRANSACTION
- control field: 20161028110440.0
008 - FIXED-LENGTH DATA ELEMENTS
- fixed length control field: 161028|| aca||aabn | a|a d
040 ## - CATALOGING SOURCE
- Original cataloging agency: ARRUPE
- Transcribing agency: ARRUPE
100 ## - HEADING--PERSONAL NAME
- Personal name: Martin, C. B.
- Fuller form of name: (Charles Burton)
670 ## - SOURCE DATA FOUND
- Source citation: Work cat.: (ARRUPE)0: Martin, C. B. (Charles Burton), The mind in nature /, c2008.